Name Every D1 College (Pennsylvania) - Statistics

General Stats
  • This quiz has been taken 33 times
  • The average score is 9 of 15
Answer Stats
Hint Answer % Correct
Ivy League Penn
100%
Big 10 Penn State
100%
ACC Pitt
90%
American Temple
83%
Big East Villanova
70%
Patriot League Lehigh
60%
Coastal Drexel
57%
Patriot League Bucknell
50%
Atlantic 10 Saint Joseph
50%
Atlantic 10 Duquesne
47%
Patriot League Lafayette
43%
Atlantic 10 LaSalle
43%
Northeast Saint Francis
33%
Horizon League Robert Morris
23%
Northeast Mercyhurst
20%
No matching quizzes found
Score Distribution
Percent of People with Each Score
Percentile by Number Answered
Your Score History
You have not taken this quiz